| 000 | 00725nam a22001935i 4500 | ||
|---|---|---|---|
| 001 | 166039 | ||
| 003 | ES-MaACL | ||
| 005 | 20230906213243.0 | ||
| 008 | 990701s1904 sp abf |||| | spa d | ||
| 040 |
_aGA _bspa _cCCPB | 3D |
||
| 100 | 1 |
_aTarazona, Antonio. _9133126 |
|
| 245 | 1 | 0 | _aMemoria sobre el eclipse total de sol del día 30 de agosto de 1905. |
| 260 |
_aMadrid : _bObservatorio Astronómico, _c1904. |
||
| 300 |
_a125 p., [2] h. de lám., [3] h. de map. pleg. ; _c29 cm. |
||
| 594 | _aAutor tomado del pr. (p. 7) | ||
| 594 | _aPrecede al tít. : Observatorio Astronómico de Madrid. | ||
| 650 | 0 | 4 |
_aEclipses solares- _yS.XX. _911993 |
| 852 |
_aES-MaACL _jT-1067-F-9 _z-- Enc. hol., conservando la enc. original |
||
| 999 |
_c166039 _d166039 |
||